Szállodamenedzsment és digitalizáció

Bibliográfiai részletek
Szerző: Hulényi Gergő
További közreműködők: Dobó Dr. Róbert
Dokumentumtípus: Diplomadolgozat
Kulcsszavak:automatizáció - automatizálás
digitalizáció
ERP rendszerek
fenntarthatóság
szállodaipar
Online Access:http://dolgozattar.uni-bge.hu/60019

MARC

LEADER 00000nta a2200000 i 4500
001 dolg60019
005 20260409145900.0
008 260409suuuu hu om 000 hun d
040 |a BGE Dolgozattár Repozitórium  |b hun 
041 |a hu 
100 1 |a Hulényi Gergő 
245 1 0 |a Szállodamenedzsment és digitalizáció  |c Hulényi Gergő  |h [elektronikus dokumentum] 
520 3 |a Szakdolgozatom témája kiválasztása során nagy szerepet játszott a felsőoktatási szakképzésen eltöltött gyakorlatom, mely a Mercure/Ibis Budapest Castle Hill Hotelben történt, valamint a logisztika iránti érdeklődésem és a mostanában egyre inkább fontosabb erőforrás gazdálkodás és a szintén aktuális probléma, hogy tudjuk csökkenteni a pazarlást. Ezen tényezőket a dolgozatomban szeretném bemutatni, illetve megoldási javaslatot keresni rá a különböző ERP rendszerek segítségével, az automatizálás fejlesztésével. Eddigi tapasztalataimat felhasználva ezen kutatás elvégzéséhez, továbbá szakirodalmi kutatás segítségével szeretném bemutatni magát a felmerülő problémákat és megoldási formákat, mindezeket szakmai interjúk segítségével megtámogatva jelenleg is működő szállodák példáján keresztül. Megfogalmazott szakmai kérdéseimre szeretnék választ kapni melyeket a következőkben ismertetek is. 
695 |a automatizáció - automatizálás 
695 |a digitalizáció 
695 |a ERP rendszerek 
695 |a fenntarthatóság 
695 |a szállodaipar 
700 1 |a Dobó Dr. Róbert  |e ths 
856 4 0 |u http://dolgozattar.uni-bge.hu/60019/1/Hul%C3%A9nyi%20Gerg%C5%91%20Szakdolgozat%20.pdf  |z Dokumentum-elérés 
856 4 0 |u http://dolgozattar.uni-bge.hu/60019/2/Hule%CC%81nyi%20Gergo%CC%8B_k.pdf  |z Dokumentum-elérés 
856 4 0 |u http://dolgozattar.uni-bge.hu/60019/3/BA%20KM%20magyar%20b%C3%ADr%C3%A1lati%20lap%20BELS%C5%90%20Hul%C3%A9nyi%20Gerg%C5%91%20DR.pdf  |z Dokumentum-elérés